| 000 | 00892nam a22002537a 4500 | ||
|---|---|---|---|
| 999 |
_c63698 _d63698 |
||
| 005 | 20240530110654.0 | ||
| 008 | 171218s2016 ua ak g b 000 0 ara d | ||
| 017 |
_a2015/22073 _bمصر. دار الكتب |
||
| 020 | _a9777800273 | ||
| 040 |
_aEG-CaGPL _cEG-CaGPL |
||
| 082 | 0 | 4 |
_221 _a370.152 / _bع ن |
| 100 | 0 | _aعلاء ايوب | |
| 245 | 1 | 0 |
_aنظرية الذكاء الناجح : _bالتوافق بين التدريس والتقويم / _cعلاء ايوب |
| 250 | _aط.1 | ||
| 260 |
_aالقاهرة : _bعالم الكتب ، _c2016. |
||
| 300 |
_a279 ص. : _bايض ؛ _c24 سم. |
||
| 504 | _aيشتمل على ارجاعات ببليوجرافية | ||
| 650 | 0 | 7 |
_2qrmak _aالذكاء |
| 650 | 0 | 7 |
_2qrmak _aالتدريس |
| 650 | 0 | 7 |
_2qrmak _aالوسائل التعليمية |
| 651 | _2qrmak | ||
| 942 |
_2ddc _cBK |
||